Harry Potter - Expert Difficulty - Statistics

General Stats
  • This quiz has been taken 257 times
  • The average score is 4 of 15
Answer Stats
Hint Answer % Correct
12. What is the total sum of people, hoops and balls on a Quidditch pitch during a game? 25
82%
7. Who replaced the Fat Lady as the painting guarding Gryffindor tower following Sirius Black's attempted entry? Sir Cadogan
52%
11. What was the full name of Dudley's friend who came with the Dursleys and Harry on the trip to the zoo? Piers Polkiss
49%
9. What was Professor Binn's first name? Cuthbert
46%
6. What was the name of the tea shop that Harry and Cho had their first date? Madam Puddifoot
27%
13. What was the name of the prison built by Gellert Grindelwald? Nurmengard
27%
14. What was the name of Lavender Brown's pet rabbit? Binky
21%
5. What was the name of the adjacent street to Privet Drive from which Harry boarded the Knight Bus? Magnolia Crescent
21%
2. What Quidditch team did Ludo Bagman play for as a beater? Wimbourne Wasps
19%
3. What was the name of the Hogwart's caretaker when Arthur and Molly Weasley attended? Apollyon Pringle
12%
10. What was Rita Skeeter's nickname for Albus Dumbledore's schoolboy friend, Elphias Doge? Dogbreath
11%
4. What was the name of the Slytherin seeker during Harry's first year at Hogwarts? Terence Higgs
10%
1. What vault at Gringotts belonged to Sirius Black? 711
9%
8. The prefect's bathroom was on the 5th floor, four doors to the left of a statue of whom? Boris the Bewildered
6%
15. What was the name of the Chief Mermaid who lived in the lake at Hogwarts? Murcus
5%
No matching quizzes found
Score Distribution
Percent of People with Each Score
Percentile by Number Answered
Your Score History
You have not taken this quiz